Jacobo no es un pobre diablo / (Registro nro. 12141)

Detalles MARC
000 -LIDER
fixed length control field 01027nam a22003497a 4500
001 - NÚMERO DE CONTROL
Identificador de número de control 000759
003 - IDENTIFICACDOR DE NÚMERO DE CONTROL
control field DO-SdBNP
005 - DATE AND TIME OF LATEST TRANSACTION
control field 20180212153144.0
007 - CAMPOS FIJOS DE DESCRIPCIÓN FÍSICA
fixed length control field 000759
008 - ELEMENTOS DE LONGITUD FIJA
fixed length control field 161129b 1992 sp a ||||| |||| 00| 0 spa d
016 7# - NO. DE CONTROL DE LA AGENCIA BIB. NACIONAL
Record control number
017 ## - NÚMERO DE REGISTRO DE DERECHOS DE AUTOR
Copyright or legal deposit number
Assigning agency
020 ## - ISBN
International Standard Book Number 8434822482
035 ## - NÚMERO LOCAL
System control number
040 ## - FUENTE DE CATALOGACIÓN
Agencia que crea de manera original el registro BPMSU
Idioma de catalogación spa
Agencia que realiza la transcripción BPMSU
Convenciones de la despripción
041 1# - CÓDIGOS DE OBRAS TRADUCIDAS O EN VARIOS IDIOMAS
Código del idioma del texto/archivo de sonido o separata spa
Cód. del idioma original y/o traducciones intermedias del texto
080 #0 - NÚMERO DE CLASIFICACIÓN DECIMAL UNIVERSAL
Universal Decimal Classification number
100 1# - ASIENTO PRINCIPAL -- NOMBRE PERSONAL
Nombre personal Heiser, Gabriele,
Fechas asociadas con el nombre 1948-
240 10 - TITULO UNIFORME
Título uniforme Jakob ist kein armer Vogel!
Idioma de una obra Español
245 10 - MENCIÓN DE TITULO
Título Jacobo no es un pobre diablo /
Mención de responsabilidad Gabriele Heiser ; ilustraciones, Francisco Meléndez ; traducción Lola Romero.
Medio (Designación general de material)
250 ## - MENCIÓN DE EDICION
Mención de edición 7ª ed.
260 1# - PUBLICACIÓN, DISTRIBUCIÓN, ETC. (PIE DE IMPRENTA)
Lugar de publicación, distribución, etc Madrid ;
Nombre del editor, distribuidor, etc. SM,
Fecha de publicación, distribución, etc 1993.
300 ## - DESCRIPCIÓN FÍSICA
Extensión 102 p. :
Otros detalles físicos il. ;
Dimensiones 19 cm.
490 1# - MENCIÓN DE SERIES
Mención de serie El barco de vapor
Volume/sequential designation 26
Mención de serie azul
500 ## - NOTA GENERAL
Nota general A partir de 7 años
700 1# - ASIENTO SECUNDARIO -- NOMBRE PERSONAL
Nombre personal Meléndez, Francisco,
Fechas asociadas con el nombre 1964-
Mención de responsabilidad il.
700 1# - ASIENTO SECUNDARIO -- NOMBRE PERSONAL
Nombre personal Romero, Lola,
Títulos u otras palabras asociadas con el nombre tr.
830 #0 - ASIENTO SECUNDARIO DE SERIE--TÍTULO UNIFORME
Título uniforme El barco de vapor ;
Volume number/sequential designation 26
Nombre de la parte o sección de una obra azul
942 ## - ADDED ENTRY ELEMENTS (KOHA)
Source of classification or shelving scheme Dewey Decimal Classification
Koha item type Libros
945 ## - INFORMACIÓN DE PROCESAMIENTO LOCAL
Información de procesamiento local Inventariado, 2018 / BT
956 ## - LOCAL ELECTRONIC LOCATION AND ACCESS (OCLC)
Nombre de host LOPEREZ
Método de acceso 10
Materiales especificados 20161129
Enlace BPMSU
Campo enlazado y núm. de secuencia 00041
Existencias
Withdrawn status Lost status Source of classification or shelving scheme Damaged status Not for loan Collection code Home library Current library Date acquired Source of acquisition Total Checkouts Barcode Date last seen Price effective from Koha item type
    Dewey Decimal Classification     Colección Infantil General Biblioteca Pública Metropolitana Salomé Ureña Biblioteca Pública Metropolitana Salomé Ureña 11/29/2016 Sin sellar   BPMSU16111610 11/29/2016 11/29/2016 Libros